[Event "Voronezh Master Open"]
[Site "Voronezh RUS"]
[Date "2011.06.18"]
[Round "6.37"]
[White "Baraeva,I"]
[Black "Baraeva,M"]
[Result "1/2-1/2"]
[WhiteElo "2161"]
[BlackElo "2170"]

1.d4 d5 2.c4 c6 3.Nc3 Nf6 4.Nf3 e6 5.e3 Nbd7 6.Qc2 Bd6 7.Bd3 b6 8.O-O Bb7
9.e4 dxe4 10.Nxe4 Nxe4 11.Bxe4 Qc7 12.Be3 Nf6 13.c5 Be7 14.Bd3 O-O 15.Rad1 g6
16.b4 Nd5 17.a3 Bf6 18.Bh6 Rfe8 19.Rfe1 a5 20.cxb6 Qxb6 21.bxa5 Rxa5 22.Bc1 Rc8
23.Ne5 Qc7 24.Bb2 Nf4 25.Bf1 Bg7 26.Qd2 Nd5 27.Nd3 Ba6 28.Nb4 Bxf1 29.Nxd5 exd5
30.Rxf1 c5 31.dxc5 Bxb2 32.Qxb2 Rxc5 33.a4 Qa5 34.Qb3 Rc4 35.Qb5 Qxb5 36.axb5 R4c5
37.b6 Rb8 38.Rb1 Rc6 39.Rb5 Rcxb6 40.Rxd5 Rb1 41.Rdd1 Rxd1 42.Rxd1 Re8  1/2-1/2

[Event "4th Karen Asrian Memorial"]
[Site "Jermuk ARM"]
[Date "2011.06.19"]
[Round "4"]
[White "Maghalashvili,Da"]
[Black "Petrosyan,M"]
[Result "1-0"]
[WhiteElo "2469"]
[BlackElo "2125"]

1.c4 Nf6 2.Nc3 e6 3.Nf3 d5 4.d4 c6 5.e3 Nbd7 6.Qc2 Bd6 7.Bd3 O-O 8.O-O dxc4
9.Bxc4 e5 10.h3 exd4 11.Nxd4 Ne5 12.Be2 Ng6 13.Nf5 Bb8 14.f4 Qa5 15.Ng3 Qc5
16.Kh1 Nd5 17.Qb3 Qe7 18.Nxd5 Qh4 19.Kh2 cxd5 20.Qxd5 Rd8 21.Qf3 Bc7 22.e4 b6
23.e5 Rb8 24.Be3 Qe7 25.Rac1 Bb7 26.Nf5 Qd7 27.Qh5 Bxg2 28.Kxg2 Qxf5 29.Qxf5 Nh4+
30.Kf2  1-0

[Event "Baltija Cup Open A"]
[Site "Palanga LTU"]
[Date "2011.06.19"]
[Round "1.10"]
[White "Laurusas,T"]
[Black "Janulynas,J"]
[Result "1-0"]
[WhiteElo "2302"]
[BlackElo "1826"]

1.d4 d5 2.c4 c6 3.Nf3 Nf6 4.Nc3 e6 5.e3 Nbd7 6.Qc2 Be7 7.Bd3 O-O 8.O-O dxc4
9.Bxc4 b5 10.Bd3 Bb7 11.Rd1 a6 12.Ng5 h6 13.Nge4 Qc7 14.Bd2 Rac8 15.Rac1 c5
16.dxc5 Bxc5 17.Nxc5 Nxc5 18.f3 Nxd3 19.Qxd3 Rfd8 20.Qe2 Qb6 21.Kh1 Nd5 22.e4 Nxc3
23.Bxc3 b4 24.Rxd8+ Rxd8 25.Bd2 a5 26.Be3 Qd6 27.Kg1 Ba6 28.Qc2 Qd3 29.Qxd3 Rxd3
30.Kf2 a4 31.Rc6 Bb5 32.Rb6 b3 33.a3 Bd7 34.Ke2 Rxe3+ 35.Kxe3 Kf8 36.Kd4 Ke7
37.Kc5 f6 38.Rb7 h5 39.Kb4 g5 40.Rxd7+ Kxd7 41.Kxa4 f5 42.exf5 exf5 43.Kxb3 f4
44.Kc4 g4 45.b4 g3 46.h3  1-0

[Event "Baltija Cup Open A"]
[Site "Palanga LTU"]
[Date "2011.06.20"]
[Round "2.32"]
[White "Vanagaite,G"]
[Black "Juknaite,Aneta"]
[Result "1-0"]
[WhiteElo "1866"]
[BlackElo "1693"]

1.d4 d5 2.Nf3 Nf6 3.c4 c6 4.Nc3 e6 5.e3 Nbd7 6.Qc2 dxc4 7.Bxc4 b5 8.Bd3 a6
9.e4 Bb4 10.a3 Ba5 11.b4 Bc7 12.Ne2 Bb7 13.Bb2 h6 14.O-O O-O 15.Rac1 Rc8
16.Ng3 Qe7 17.Qc3 Rfe8 18.e5 Nd5 19.Qd2 f6 20.exf6 Qxf6 21.Rce1 e5 22.Bf5 Rcd8
23.Bxd7 Rxd7 24.Nxe5 Rde7 25.Ne4 Qf5 26.Nc5 Qc8 27.f4 Rd8 28.Ng6 Rf7 29.Ne5 Rf6
30.Re4 Bd6 31.Qe2 Bxc5 32.dxc5 Rdf8 33.g3 Qc7 34.Ng4 Rf5 35.Re5 R5f7 36.Ne3 Nxe3
37.Qxe3 Bc8 38.Re1 Bf5 39.Rd1 Kh7 40.Rd6 Rd8 41.Qd4 Rdf8 42.Re1 Re7 43.Rxe7 Qxe7
44.Qe5 Qxe5 45.fxe5 Rc8 46.Kf2 Kg8 47.e6 Kf8 48.Ke3 g6 49.Bf6 Ke8 50.e7 Bd7
51.Kf4 Rc7 52.Rd1 Kf7 53.Be5 Ra7 54.Bb8 Rb7 55.Bd6 Be8 56.Ke5 Kg8 57.Kf6 Rd7
58.Rd2 Bf7 59.Bf4 Rxd2 60.Bxd2 h5 61.Bg5 Be8 62.Ke6 Kg7 63.h4 Kg8 64.Kd6 Kf7
65.Kc7 Ke6 66.Kb6 Kd7 67.Kxa6 Kc7 68.Bf4+ Kc8 69.Bd6 Bd7 70.Kb6 Be8 71.a4 bxa4
72.b5 cxb5 73.c6 Bf7 74.Kxb5 Be8 75.Kb6 Bf7 76.Kb5 Be8 77.Kc5 Bf7 78.Kd4 Be8
79.Kd5 Bf7+ 80.Ke5 Be8 81.Kf6 Bxc6 82.Kf7  1-0

[Event "Baltija Cup Open A"]
[Site "Palanga LTU"]
[Date "2011.06.20"]
[Round "3.23"]
[White "Batkovskyte,D"]
[Black "Tokranovs,Dmitrijs"]
[Result "1-0"]
[WhiteElo "2019"]
[BlackElo "1808"]

1.d4 d5 2.c4 e6 3.Nc3 c6 4.e3 Nf6 5.Nf3 Bd6 6.Bd3 dxc4 7.Bxc4 Nbd7 8.O-O O-O
9.e4 e5 10.d5 cxd5 11.Nxd5 Nxe4 12.Qe2 Nec5 13.b4 b5 14.bxc5 Nxc5 15.Bxb5 e4
16.Nd4 Bxh2+ 17.Kxh2 Qxd5 18.Be3 Ne6 19.Rfd1 Nxd4 20.Bxd4 Qd6+ 21.Kg1 Qg6
22.Qe3 a6 23.Be2 Be6 24.a4 f5 25.Qf4 h6 26.Ra3 Qh7 27.Bxg7 Kxg7 28.Qe5+ Rf6
29.Rg3+ Qg6 30.Rxg6+ Kxg6 31.Bh5+ Kg5 32.Rd6 Raf8 33.Rxe6 Rxe6 34.Qxe6 Kxh5
35.Qxa6 f4 36.Qb5+ Kg4 37.Qd7+ Kh5 38.Qd5+ Kg4 39.Qxe4 h5 40.Qe6+ Rf5 41.a5 f3
42.gxf3+ Kh4 43.Qe4+ Kg5 44.Qxf5+  1-0

[Event "64th ch-RUS HL"]
[Site "Taganrog RUS"]
[Date "2011.06.20"]
[Round "6"]
[White "Reshetnikov,Al"]
[Black "Potkin,V"]
[Result "1/2-1/2"]
[WhiteElo "2487"]
[BlackElo "2682"]

1.d4 d5 2.c4 e6 3.Nc3 c6 4.e3 Nf6 5.Nf3 Nbd7 6.Qc2 Bd6 7.Bd3 O-O 8.O-O dxc4
9.Bxc4 a6 10.Rd1 b5 11.Bf1 Qc7 12.e4 e5 13.g3 c5 14.dxe5 Nxe5 15.Nxe5 Bxe5
16.a4 Bg4 17.Re1 b4 18.Nd5 Nxd5 19.exd5 Rfe8 20.Be3 Bd6 21.Rac1 h5 22.Be2 Bxg3
23.hxg3 Rxe3 24.Bxg4 Rxe1+ 25.Rxe1 hxg4 26.Qc4 Qd6 27.Rc1 Rd8 28.Qxc5 Qxd5
29.Qxb4 Qf3 30.Re1 Rd3 31.Re8+ Kh7 32.Qe4+ Qxe4 33.Rxe4 Rb3 34.Rxg4 Rxb2
35.Kg2 Ra2 36.Kf3 a5 37.Ke3 Ra3+ 38.Ke2 g6 39.Rc4 Kg7 40.g4 Kf6 41.Re4 Kg5
42.Rc4 Kh4 43.Rf4 g5 44.Rc4 Kh3 45.f4 Kxg4 46.fxg5+ Kxg5 47.Rc5+ f5 48.Rxa5 Kg4
49.Kf2 Ra2+ 50.Kg1 f4 51.Ra8 Kg3 52.Rg8+ Kf3 53.Rf8 Rxa4 54.Rf7 Ra1+ 55.Kh2 Ke3
56.Kg2 Ra2+ 57.Kf1 Kf3 58.Kg1 Ra4 59.Rf8 Ra7 60.Rf6 Ra1+ 61.Kh2 Ra4 62.Kg1 Ra1+
63.Kh2 Rf1 64.Ra6 Rf2+ 65.Kg1 Re2 66.Rf6 Rg2+ 67.Kf1 Ra2 68.Kg1 Ra4 69.Rf8 Rb4
70.Rf7 Rb1+ 71.Kh2 Rf1 72.Ra7 Re1 73.Rf7 Ke3 74.Kg2 Re2+ 75.Kf1 Rb2 76.Rf8 Rf2+
77.Kg1 Ke2 78.Re8+ Kf3 79.Rf8 Rg2+ 80.Kf1 Rc2 81.Kg1 Rc5 82.Rf7 Ke3 83.Kg2 Re5
84.Ra7 f3+ 85.Kf1 Rb5 86.Re7+  1/2-1/2

[Event "Voronezh Master Open"]
[Site "Voronezh RUS"]
[Date "2011.06.20"]
[Round "8.31"]
[White "Barsamian,E"]
[Black "Klyuev,A"]
[Result "0-1"]
[WhiteElo "2239"]
[BlackElo "2067"]

1.d4 d5 2.c4 c6 3.Nc3 Nf6 4.e3 e6 5.Nf3 Nbd7 6.Qc2 Be7 7.Be2 O-O 8.O-O b6
9.b3 Bb7 10.Bb2 Rc8 11.Rfd1 Qc7 12.Rac1 Rfd8 13.Qb1 Qb8 14.Bd3 dxc4 15.bxc4 c5
16.d5 e5 17.Ne2 g6 18.Ng3 Ne8 19.h4 Bf6 20.h5 Bg7 21.Ng5 Nf8 22.a4 Bh6 23.Nf3 Bg7
24.Qa1 Nd7 25.h6 Bh8 26.Ne4 a5 27.Neg5 Qd6 28.Rf1 Qe7 29.Ne4 f5 30.Neg5 Bf6
31.Ne6 e4 32.Ne1 exd3 33.Nxd3 Bxb2 34.Qxb2 Qf6 35.Qxf6 Nexf6 36.Nxd8 Rxd8
37.f3 Re8 38.Kf2 Ba6 39.Rc3 Kf7 40.Rb1 g5 41.Rbc1 Kg6 42.Nb2 Kxh6 43.Rb3 Kg6
44.Rh1 h5 45.Rd1 Re7 46.Rc1 Ne8 47.Rd1 Nd6 48.Rc1 Re8 49.Kg3 Rxe3 50.Rxe3 f4+
51.Kf2 fxe3+ 52.Kxe3 Ne5 53.f4 gxf4+ 54.Kxf4 Kf6 55.Rd1 Bc8 56.Rf1 Bf5 57.Rh1 Bg6
58.Rd1 Bc2 59.Rc1 Bf5 60.Rh1 h4 61.Rd1 Ndxc4 62.Nxc4 Nxc4 63.d6 Bd7 64.Rd5 Ke6
65.Rh5 Nxd6 66.Rxh4 Bxa4 67.g4 Bb3 68.g5 a4 69.Rh3 b5 70.g6 Kf6 71.g7 Kxg7  0-1

[Event "Voronezh FIDE Open"]
[Site "Voronezh RUS"]
[Date "2011.06.20"]
[Round "9.22"]
[White "Molodchin,Vladimir"]
[Black "Cho,S"]
[Result "0-1"]
[WhiteElo "2075"]
[BlackElo "1801"]

1.Nf3 d5 2.d4 Nf6 3.c4 c6 4.Nc3 e6 5.e3 Nbd7 6.Bd3 dxc4 7.Bxc4 b5 8.Bb3 Bb7
9.O-O Be7 10.e4 b4 11.e5 bxc3 12.exf6 Nxf6 13.bxc3 O-O 14.Rb1 Qc7 15.Re1 c5
16.Bg5 Rad8 17.Ne5 cxd4 18.cxd4 h6 19.Bh4 Ne4 20.Bxe7 Qxe7 21.Qd3 Nc5 22.Qc3 Nxb3
23.Rxb3 Bd5 24.Nc6 Qg5 25.f3  0-1

[Event "Baltija Cup Open A"]
[Site "Palanga LTU"]
[Date "2011.06.21"]
[Round "4.7"]
[White "Solys,L"]
[Black "Velioniskis,R"]
[Result "1-0"]
[WhiteElo "2319"]
[BlackElo "1883"]

1.d4 d5 2.c4 c6 3.Nf3 Nf6 4.Nc3 e6 5.e3 Nbd7 6.Qc2 Bd6 7.Bd3 O-O 8.O-O dxc4
9.Bxc4 a6 10.Rd1 c5 11.dxc5 Bxc5 12.Ng5 Qe7 13.Nce4 Nxe4 14.Nxe4 Ba7 15.a4 Ne5
16.b3 Qh4 17.Ba3 Re8 18.Be2 Bb8 19.g3 Qh6 20.Rac1 Bd7 21.Nd6 Bxd6 22.Bxd6 Ng6
23.Bf3 Rac8 24.Qd3 Rxc1 25.Rxc1 Bc8 26.Qc3 f6 27.Qb4 Qg5 28.Bxb7 a5 29.Qb6 Bxb7
30.Qxb7 Ne5 31.Rc5 Qg4 32.Bxe5 fxe5 33.Qd7 Rf8 34.Rxe5 Qb4 35.Qxe6+ Kh8 36.Rf5 Rd8
37.Qc4 Qb7 38.e4  1-0

[Event "Baltija Cup Open A"]
[Site "Palanga LTU"]
[Date "2011.06.21"]
[Round "5.20"]
[White "Kasparavicius,L"]
[Black "Tokranovs,Dmitrijs"]
[Result "1-0"]
[WhiteElo "2113"]
[BlackElo "1808"]

1.d4 d5 2.c4 e6 3.Nc3 c6 4.e3 Nf6 5.Nf3 Nbd7 6.Qc2 Bd6 7.Bd3 dxc4 8.Bxc4 e5
9.O-O O-O 10.Ne4 Nxe4 11.Qxe4 Nf6 12.Qh4 e4 13.Nd2 Qe7 14.Bb3 Be6 15.Nxe4 Nxe4
16.Qxe4 Bxb3 17.Qxe7 Bxe7 18.axb3 Bb4 19.Rd1 f5 20.Ra4 a5 21.Bd2 Bxd2 22.Rxd2 b5
23.Ra1 Rfd8 24.Rc2 Ra6 25.Kf1 Kf7 26.Rc5 g6 27.h3 Ke6 28.Ke2 Rda8 29.Rac1 Kd6
30.g4 Rf8 31.g5 Rb6 32.Kf3 Re8 33.Ra1 Ra6 34.h4 Re4 35.Kg3 Rg4+ 36.Kh3 Re4
37.b4 f4 38.Re5 Rxe5 39.dxe5+ Kxe5 40.exf4+ Kxf4 41.Rxa5 Rb6 42.Ra7 Rb8 43.Rf7+ Ke5
44.Rxh7 Rg8 45.Kg4 Kd5 46.Rc7 Re8 47.Rg7 Re6 48.f4 Kc4 49.h5 gxh5+ 50.Kxh5 Kxb4
51.f5 Re2 52.Rc7 c5 53.f6 Rxb2 54.f7 Rf2 55.Rc6  1-0

[Event "25th Open Pula"]
[Site "Pula CRO"]
[Date "2011.06.21"]
[Round "5.3"]
[White "Tratar,M"]
[Black "Mencinger,V"]
[Result "1/2-1/2"]
[WhiteElo "2489"]
[BlackElo "2399"]

1.Nf3 d5 2.d4 Nf6 3.c4 e6 4.Nc3 c6 5.e3 Nbd7 6.Qc2 Bd6 7.Bd3 dxc4 8.Bxc4 b5
9.Bd3 Bb7 10.a3 a6 11.Ne4 Nxe4 12.Bxe4 f5  1/2-1/2

[Event "49th National Challengers ch-IND"]
[Site "Aurangabad IND"]
[Date "2011.06.22"]
[Round "9"]
[White "Murali Krishnan,B"]
[Black "Nimmy,A"]
[Result "0-1"]
[WhiteElo "2363"]
[BlackElo "2222"]

1.d4 d5 2.c4 c6 3.Nc3 Nf6 4.e3 e6 5.Nf3 a6 6.a3 Nbd7 7.Bd3 dxc4 8.Bxc4 b5
9.Ba2 c5 10.O-O Bb7 11.Qe2 Bd6 12.Rd1 O-O 13.e4 cxd4 14.Nxd4 Qb8 15.h3 Nc5
16.Bb1 Bh2+ 17.Kh1 Be5 18.Bc2 Rd8 19.Qe3 Qa7 20.f4 Bxd4 21.Rxd4 Rxd4 22.Qxd4 Ncxe4
23.Qxa7 Rxa7 24.Be3 Ra8 25.Bxe4 Bxe4 26.Rd1 Bc6 27.Kg1 a5 28.Rd6 Rc8 29.Rd4 h5
30.Bd2 Kf8 31.Be1 Ke8 32.Ne2 a4 33.Nc3 Nd7 34.Bf2 Ke7 35.Rb4 Rb8 36.Bd4 f6
37.Kf2 Rb7 38.g3 g6 39.h4 e5 40.fxe5 fxe5 41.Be3 Nb8 42.Ne4 Na6 43.Nc5 Nxb4
44.Nxb7 Nd3+ 45.Ke2 Nxb2 46.Na5 Bd5 47.Kd2 e4 48.Kc2 Nd3 49.Kc3 Ke6 50.Kd4 Ba8
51.Bd2 Kf5  0-1

[Event "4th Karen Asrian Memorial"]
[Site "Jermuk ARM"]
[Date "2011.06.22"]
[Round "7"]
[White "Turova,I"]
[Black "Mikaelyan,A"]
[Result "1/2-1/2"]
[WhiteElo "2442"]
[BlackElo "2176"]

1.d4 d5 2.c4 c6 3.Nc3 e6 4.e3 Nf6 5.Nf3 Nbd7 6.Qc2 Bd6 7.b3 b6 8.Bb2 Bb7
9.Bd3 Qe7 10.O-O O-O 11.Rfe1 Rac8 12.Rad1 h6 13.Qb1 c5 14.cxd5 cxd4 15.Nxd4 Nxd5
16.Nxd5 Bxd5 17.e4 Bb7 18.Nf3 Bb4 19.Re2 Ba3 20.Bxa3 Qxa3 21.b4 Qc3 22.Rc2 Qf6
23.h3 Ne5 24.Nxe5 Qxe5 25.Rcd2 Rfd8 26.Bc2 Rxd2 27.Rxd2 Qc3 28.Qe1 Qb2 29.Bb3 Rc1
30.Rd1 Rxd1 31.Qxd1 Bxe4 32.Qd8+ Kh7 33.Qc7 Bg6 34.Qf4 Qb1+ 35.Kh2 Qd3 36.h4 Qe2
37.Kg3 Bf5 38.f3 Kg6 39.Kh2 Kf6 40.Qc1 Qe5+ 41.Kh1 Qg3 42.Qc4 Kg6 43.Kg1 Qe1+
44.Kh2 Qe5+ 45.Kg1 b5 46.h5+ Kxh5 47.Qc5 Qe1+ 48.Kh2 Qh4+ 49.Kg1 Qe1+ 50.Kh2 Qe2
51.Qxa7 Qe5+ 52.Kg1 Kg6 53.Qf2 Qa1+ 54.Kh2 Qe5+ 55.Kg1 Qa1+ 56.Kh2 Qc3 57.Qh4 Kh7
58.Qe7 Qe5+ 59.Kh1 Qe1+ 60.Kh2 Qe5+ 61.Kh1 Bg6 62.Qc5 Qe1+ 63.Kh2 Qh4+ 64.Kg1 Bd3
65.Qc3 Bg6 66.a4 bxa4 67.Bxa4 Qf4 68.Bc6 Qd6 69.b5 Qd1+ 70.Kh2 Qd6+ 71.Kg1 Qd1+
72.Kf2 Qb1 73.Qd4 h5 74.Be8 Qc2+ 75.Kg3 Qc7+ 76.Kf2 Qc2+ 77.Kg1 Qc1+ 78.Kh2 Qc7+
79.f4 Qe7 80.Bc6 Qh4+ 81.Kg1  1/2-1/2

[Event "4th Karen Asrian Memorial"]
[Site "Jermuk ARM"]
[Date "2011.06.22"]
[Round "7"]
[White "Kursova,M"]
[Black "Lorparizangeneh,S"]
[Result "1/2-1/2"]
[WhiteElo "2308"]
[BlackElo "2120"]

1.d4 d5 2.Nf3 Nf6 3.c4 c6 4.Nc3 e6 5.e3 a6 6.Qc2 c5 7.cxd5 exd5 8.Be2 Nc6
9.O-O Be6 10.dxc5 Bxc5 11.Rd1 Qe7 12.a3 Rc8 13.Qa4 O-O 14.b4 Bd6 15.Bb2 Ne5
16.Rac1 Nc4 17.Ba1 b5 18.Qxa6 Ra8 19.Qxb5 Rfb8 20.Qc6 Rc8 21.Qb5 Rcb8 22.Qc6 Rc8  1/2-1/2

[Event "4th Karen Asrian Memorial"]
[Site "Jermuk ARM"]
[Date "2011.06.22"]
[Round "7"]
[White "Dubov,Danii"]
[Black "Hovhannisyan,R"]
[Result "1/2-1/2"]
[WhiteElo "2505"]
[BlackElo "2553"]

1.d4 d5 2.c4 c6 3.Nc3 Nf6 4.e3 e6 5.Nf3 Nbd7 6.Qc2 Bd6 7.Bd3 dxc4 8.Bxc4 b5
9.Bd3 Bb7 10.O-O a6 11.Rd1 Rc8 12.a4 b4 13.Ne4 Nxe4 14.Bxe4 Nf6 15.Bd3 c5
16.Qe2 O-O 17.e4 c4 18.Bxc4 Bxe4 19.Bxa6 Rc2 20.Rd2 Rc7 21.Bd3 Bd5 22.Rd1 Qa8
23.Bg5 Ne4 24.Bh4 f5 25.Bg3 Nxg3 26.hxg3 Rf6 27.a5 g5 28.Nxg5 Rg7 29.Nf3 f4
30.Bc4 fxg3 31.Bxd5 Qxd5 32.a6 gxf2+ 33.Kxf2 Bg3+ 34.Kg1 Bb8 35.Rd3 Qh5 36.Qe4 Rxf3
37.Qxf3 Qh2+ 38.Kf2 Rf7 39.Qxf7+ Kxf7 40.a7 Qh4+ 41.Kg1 Bxa7 42.Rxa7+ Kf6
43.Rf3+ Kg6 44.Rd7 Qe1+ 45.Kh2 h5 46.b3 Qh4+  1/2-1/2

[Event "Baltija Cup Open A"]
[Site "Palanga LTU"]
[Date "2011.06.22"]
[Round "7.2"]
[White "Stremavicius,T"]
[Black "Beinoras,M"]
[Result "1/2-1/2"]
[WhiteElo "2002"]
[BlackElo "2358"]

1.d4 d5 2.c4 c6 3.Nf3 Nf6 4.Nc3 e6 5.e3 Nbd7 6.Qc2 Bd6 7.Bd3 dxc4 8.Bxc4 O-O
9.O-O a6 10.a3 c5 11.dxc5 Bxc5 12.b4 Bd6 13.Rd1 Qc7 14.Bd3 Ne5 15.h3 Nxd3
16.Qxd3 Rd8 17.Qc2 b6 18.Bb2 Bb7 19.Qe2 Rac8 20.Rac1 Qb8 21.Rc2 Qa8 22.Rcd2 Be7
23.Na4 Rxd2 24.Rxd2 Bd8 25.Bd4 b5 26.Nc5 Ne4 27.Rc2 Bd5 28.Ne1 Be7 29.Nd7 Rxc2
30.Qxc2 Qb7 31.Nc5 Nxc5 32.Bxc5 Bf6 33.Bd4 Bxd4 34.exd4 Bc4 35.Nf3 f6 36.Nd2 Bd5  1/2-1/2

[Event "3rd Eforie Open"]
[Site "Eforie Nord ROU"]
[Date "2011.06.23"]
[Round "4.5"]
[White "Gavrilov,Al1"]
[Black "Cosma,E"]
[Result "1-0"]
[WhiteElo "2478"]
[BlackElo "2328"]

1.d4 d5 2.c4 c6 3.Nc3 Nf6 4.e3 e6 5.Nf3 Nbd7 6.Qc2 Bd6 7.Bd3 dxc4 8.Bxc4 O-O
9.O-O a6 10.Rd1 b5 11.Bd3 Qc7 12.Bd2 c5 13.dxc5 Bxc5 14.Ne4 Bb7 15.Rac1 Rfc8
16.Bb4 Bb6 17.Nd6 Qxc2 18.Bxc2 Bxf3 19.Nxc8 Bxd1 20.Bxd1 Bc5 21.Ne7+ Bxe7
22.Bxe7 Ne5 23.b3 Re8 24.Bd6 Nd3 25.Rc6 Ne4 26.Bf3 Ndxf2 27.Bg3 Nxg3 28.Kxf2 Nf5
29.Rxa6 Kf8 30.Rb6 Rc8 31.Be4 Ke7 32.Bxf5 exf5 33.Rxb5 Rc2+ 34.Kf3 Rxa2 35.Rxf5 Rb2
36.Rb5 g6 37.b4 h5 38.g3 Ke6 39.Rb6+ Ke5 40.Rb7 Ke6 41.h4 Rb1 42.b5 Rf1+
43.Ke2 Rg1 44.Kf2 Rb1 45.b6 Ke5 46.Kf3 Rf1+ 47.Ke2 Rb1 48.Kd3 Ke6 49.Kd4 Rb2
50.e4 Rb1 51.Rb8 Rb5 52.Kc4 Rb1 53.Kc5 Rc1+ 54.Kb5 Rb1+ 55.Kc6 Rc1+ 56.Kb5 Rb1+
57.Kc6 Rc1+ 58.Kb7 Rc3 59.Rc8 Rxg3 60.Rc4 g5 61.hxg5 Rxg5 62.Kc7 Rb5 63.b7 h4
64.Rc6+  1-0

[Event "Baltija Cup Open A"]
[Site "Palanga LTU"]
[Date "2011.06.23"]
[Round "8.18"]
[White "Vaitonis,V"]
[Black "Vicas,M"]
[Result "1/2-1/2"]
[WhiteElo "2044"]
[BlackElo "1896"]

1.d4 Nf6 2.Nf3 d5 3.c4 e6 4.Nc3 c6 5.e3 Nbd7 6.Qc2 Bd6 7.b3 O-O 8.Bd3 h6
9.O-O e5 10.cxd5 Nxd5 11.Nxd5 cxd5 12.dxe5 Nxe5 13.Nxe5 Bxe5 14.Bb2 Qf6 15.Bxe5 Qxe5
16.Rac1 Bd7 17.Qc3 Qg5 18.Qc7 Bc6 19.Qg3 Qe7 20.Qf4 Rac8 21.b4 a6 22.h4 Rfe8
23.a4 Bd7 24.a5 Be6 25.Qd4 Rc7 26.Rc5 Rxc5 27.bxc5 Rc8 28.Rc1  1/2-1/2

[Event "Baltija Cup Open A"]
[Site "Palanga LTU"]
[Date "2011.06.23"]
[Round "8.20"]
[White "Rackevicius,Saulius"]
[Black "Velioniskis,R"]
[Result "0-1"]
[WhiteElo "1927"]
[BlackElo "1883"]

1.d4 d5 2.Nf3 Nf6 3.c4 c6 4.Nc3 e6 5.e3 Nbd7 6.Qc2 Bd6 7.b3 O-O 8.Bd3 e5
9.dxe5 Nxe5 10.Nxe5 Bxe5 11.Bb2 Re8 12.O-O-O Be6 13.h3 Qa5 14.g4 dxc4 15.bxc4 b5
16.c5 b4 17.Na4 Bxb2+ 18.Kxb2 Rab8 19.g5 b3 20.Qc3 Qxa4 21.gxf6 Qxa2+ 22.Kc1 b2+  0-1

[Event "25th Open Pula"]
[Site "Pula CRO"]
[Date "2011.06.23"]
[Round "7.3"]
[White "Kuljasevic,D"]
[Black "Zelbel,P"]
[Result "1-0"]
[WhiteElo "2537"]
[BlackElo "2428"]

1.Nf3 Nf6 2.c4 c6 3.d4 d5 4.Nc3 e6 5.e3 Nbd7 6.Qc2 Bd6 7.Bd3 O-O 8.O-O dxc4
9.Bxc4 a6 10.Rd1 b5 11.Bd3 Qc7 12.Bd2 Bb7 13.b4 e5 14.Rac1 Rfe8 15.Qb1 h6
16.h3 exd4 17.exd4 Nb6 18.Re1 Rxe1+ 19.Rxe1 Bc8 20.Qc1 Bf8 21.Ne5 Be6 22.a3 Rc8
23.Ne2 Nbd7 24.Nf4 Nxe5 25.dxe5 Nd7 26.Nxe6 fxe6 27.Bb1 Be7 28.Bxh6 Nxe5
29.Qc2 Bf6 30.Qh7+ Kf7 31.Be3 Rf8 32.Bc5  1-0

[Event "25th Open Pula"]
[Site "Pula CRO"]
[Date "2011.06.23"]
[Round "7.21"]
[White "Medic,Mir"]
[Black "Ostovic,M"]
[Result "1/2-1/2"]
[WhiteElo "2230"]
[BlackElo "2248"]

1.d4 d5 2.c4 c6 3.Nf3 Nf6 4.e3 e6 5.Nc3 Nbd7 6.Qc2 Bd6 7.b3 O-O 8.Bd3 e5
9.cxd5 cxd5 10.dxe5 Nxe5 11.Nxe5 Bxe5 12.Bb2 Be6 13.Rc1 Rc8 14.Qd2 d4 15.exd4 Qxd4
16.Nd1 Qd6 17.Rxc8 Rxc8 18.Bxe5 Qxe5+ 19.Qe2 Qxe2+ 20.Kxe2 Nd5 21.Kd2 Rd8
22.Kc1 Nf4 23.Be4 Rd7 24.Re1 f5 25.Bc2 Kf7 26.g3 Nd5 27.a3 g6 28.f4 b5 29.Ne3 a5
30.Nxd5 Rxd5 31.Rd1 Rc5 32.Kb2 Kf6 33.Rd4  1/2-1/2

[Event "64th ch-RUS HL"]
[Site "Taganrog RUS"]
[Date "2011.06.23"]
[Round "8"]
[White "Bukavshin,I"]
[Black "Rublevsky,S"]
[Result "1/2-1/2"]
[WhiteElo "2502"]
[BlackElo "2682"]

1.d4 d5 2.c4 c6 3.Nc3 Nf6 4.e3 e6 5.Nf3 a6 6.b3 Bb4 7.Bd2 Nbd7 8.Bd3 O-O
9.O-O Bd6 10.Rc1 e5 11.cxd5 cxd5 12.dxe5 Nxe5 13.Nxe5 Bxe5 14.h3 Bd7 15.Ne2 Rc8
16.Bc3 Bxc3 17.Nxc3 Qa5 18.Qe1 Qb6 19.Qd2 Rc7 20.Ne2 Rfc8 21.Nd4 a5 22.Rxc7 Qxc7
23.Ne2 Qb6 24.Rc1 Rc5 25.Nd4 Qb4 26.Qb2 b6 27.a3 Rxc1+ 28.Qxc1 Qd6 29.Qb2 Ne8
30.Be2 Nc7 31.Qc3 Qc5 32.Qb2 Qd6 33.b4 axb4 34.axb4 g6 35.Qc3 h5 36.Bd3 Qe5
37.h4 Ne6 38.Ne2 Qxc3 39.Nxc3 Nc7 40.Kh2 Kg7 41.Kg3 Kf6 42.Kf4 Ne6+ 43.Kg3 Nc7
44.Kf4 Ne6+ 45.Kg3 Ke5  1/2-1/2

[Event "ch-Commonwealth RSA-Open"]
[Site "Ekurhuleni RSA"]
[Date "2011.06.24"]
[Round "10"]
[White "Karavade,E"]
[Black "Meintjes,Jacques C."]
[Result "1-0"]
[WhiteElo "2343"]
[BlackElo "2078"]

1.d4 d5 2.Nf3 Nf6 3.c4 c6 4.e3 e6 5.Nc3 Nbd7 6.Qc2 Bd6 7.Bd3 dxc4 8.Bxc4 O-O
9.O-O Qe7 10.Bb3 h6 11.Bd2 e5 12.h3 e4 13.Nh4 Nb6 14.Ng6 Qe8 15.Nxf8 Kxf8
16.f3 Bxh3 17.gxh3 Qd7 18.Nxe4 Qxh3 19.Rf2  1-0

[Event "4th Sveins Minneturering"]
[Site "Oslo NOR"]
[Date "2011.06.24"]
[Round "1"]
[White "Smith,Ax"]
[Black "Christiansen,Johan-Sebastian"]
[Result "1-0"]
[WhiteElo "2450"]
[BlackElo "1920"]

1.d4 d5 2.c4 c6 3.Nc3 Nf6 4.e3 e6 5.Nf3 Bb4 6.Qb3 Qe7 7.Bd3 O-O 8.O-O Nbd7
9.Bd2 Bd6 10.e4 dxe4 11.Nxe4 Nxe4 12.Bxe4 e5 13.Rfe1 Kh8 14.Bc2 f6 15.Qd3 g6
16.Bc3 Re8 17.Re3 Bb4 18.dxe5 Nxe5 19.Nxe5 fxe5 20.Rxe5 Qxe5 21.Bxe5+ Rxe5
22.Qd4  1-0

[Event "64th ch-RUS HL"]
[Site "Taganrog RUS"]
[Date "2011.06.24"]
[Round "9"]
[White "Frolyanov,D"]
[Black "Sitnikov,D"]
[Result "0-1"]
[WhiteElo "2599"]
[BlackElo "2463"]

1.d4 d5 2.c4 c6 3.Nf3 Nf6 4.Nc3 e6 5.e3 Nbd7 6.Qc2 Be7 7.b3 O-O 8.Bd3 b6
9.g4 g6 10.h4 Nxg4 11.h5 f5 12.hxg6 hxg6 13.Bb2 Bb7 14.O-O-O Kg7 15.Ne2 Rh8
16.Nf4 Kf7 17.Rhg1 Qg8 18.Kb1 Rc8 19.Rde1 Ke8 20.Rg2 Rh6 21.Reg1 Kd8 22.Ne5 Ngxe5
23.dxe5 Nf8 24.f3 Qf7 25.Qd2 g5 26.Ne2 Kc7 27.cxd5 cxd5 28.Rc1+ Kb8 29.Rxc8+ Bxc8
30.Rg1 Qh7 31.Qc1 Bb7 32.Nd4 Nd7 33.Bb5 Nc5 34.b4 Na6 35.Nc6+ Ka8 36.a3 Nb8
37.Ka2 a6 38.Ba4 Nxc6 39.Bxc6 Bd8 40.Ba4 Rh3 41.Bd1 Kb8 42.Qd2 Rh2 43.Rg2 Rxg2
44.Qxg2 Qh4 45.Bd4 Bc6 46.Kb2 Bb5 47.Qg1 Kb7 48.Qg2 Qe1 49.Qc2 Bc4 50.e4 fxe4
51.fxe4 Qxe4 52.Qxe4 dxe4 53.Bg4 Kc6 54.Kc3 Kd5 55.Bxe6+ Kxe6 56.Kxc4 b5+
57.Kc5 g4 58.Kc6 Bh4 59.Kb6 Be1 60.Kxa6 g3  0-1

[Event "64th ch-RUS HL"]
[Site "Taganrog RUS"]
[Date "2011.06.24"]
[Round "9"]
[White "Khismatullin,D"]
[Black "Papin,V"]
[Result "0-1"]
[WhiteElo "2656"]
[BlackElo "2565"]

1.d4 d5 2.c4 c6 3.Nc3 Nf6 4.e3 e6 5.Nf3 a6 6.Bd2 c5 7.cxd5 exd5 8.g3 Nc6
9.Bg2 cxd4 10.Nxd4 Nxd4 11.exd4 Be6 12.Qb3 Qd7 13.O-O Be7 14.Na4 Qb5 15.Nb6 Ra7
16.Rfc1 O-O 17.Bf1 Qxb3 18.axb3 Bd8 19.Na4 Nd7 20.b4 Bf6 21.Be3 Nb8 22.Nc5 Nc6
23.Bxa6 Rfa8 24.b5 Nxd4 25.Nxb7 Ne2+ 26.Kf1 Nxc1 27.Bxa7 Bh3+ 28.Ke1 Bxb2
29.Rxc1 Bxc1 30.b6 Ba3 31.Kd2 d4 32.Kc2 Bg2 33.Na5 Bc5 34.Bc4 d3+ 35.Kxd3 Bxf2
36.Ke2 Bg1 37.Bb5 Bxb6  0-1

[Event "19th Albena Open"]
[Site "Albena BUL"]
[Date "2011.06.25"]
[Round "1.32"]
[White "Paikidze,N"]
[Black "Kopelevitch,E"]
[Result "1-0"]
[WhiteElo "2408"]
[BlackElo "1842"]

1.d4 Nf6 2.c4 e6 3.Nc3 d5 4.Nf3 c6 5.e3 Bd6 6.Bd3 O-O 7.O-O Nbd7 8.e4 dxe4
9.Nxe4 Nxe4 10.Bxe4 f5 11.Bc2 e5 12.Bg5 Be7 13.Bxe7 Qxe7 14.Nxe5 Nxe5 15.Re1 Qb4
16.Rxe5 Qxb2 17.Re7 Rf7 18.Rb1 Qc3 19.Rb3 Qa5 20.Rxf7 Kxf7 21.h3 g6 22.d5 cxd5
23.cxd5 b6 24.Re3 Bd7 25.d6 Qb5 26.Bb3+ Kf6 27.Qd4+ Kg5 28.h4+ Kh6 29.Qf4+ Kg7
30.Re7+  1-0

[Event "V4 IM/WGM tournament Liptov 2011"]
[Site "Liptovsky Mikulas SVK"]
[Date "2011.06.25"]
[Round "3"]
[White "Kantorik,M"]
[Black "Motycakova,M"]
[Result "1-0"]
[WhiteElo "2312"]
[BlackElo "2107"]

1.d4 d5 2.c4 c6 3.Nf3 Nf6 4.Nc3 e6 5.e3 Nbd7 6.Bd3 dxc4 7.Bxc4 b5 8.Be2 Bb7
9.O-O Be7 10.e4 a6 11.e5 Nd5 12.Nxd5 cxd5 13.a4 Bc6 14.b3 Nf8 15.Bd2 b4 16.a5 Ng6
17.Bd3 Qd7 18.Qe2 Qb7 19.Rfc1 O-O 20.Ne1 Rfc8 21.f4 Bd7 22.Rxc8+ Qxc8 23.g3 Nf8
24.Nc2 Qb7 25.Ne3 Qa7 26.Nc2 Qb7 27.Kg2 Ra7 28.Ra2 Ra8 29.h4 Kh8 30.Ne1 Qc8
31.Nf3 Kg8 32.h5 Qb7 33.g4 Qc8 34.Ra1 Ra7 35.Qf1 Kh8 36.Qe2 Kg8 37.g5 Qe8
38.Nh2 Bb5 39.Bxb5 Qxb5 40.Qxb5 axb5 41.Nf3 Nd7 42.Ne1 Nb8 43.Rc1 Rd7 44.Nd3 f6
45.g6 hxg6 46.hxg6 Kf8 47.Nxb4 fxe5 48.fxe5 Bd8 49.Rc8  1-0

[Event "AAI GM"]
[Site "New Delhi IND"]
[Date "2011.06.25"]
[Round "4"]
[White "Laznicka,V"]
[Black "Negi,P"]
[Result "1-0"]
[WhiteElo "2681"]
[BlackElo "2622"]

1.d4 d5 2.c4 c6 3.Nc3 Nf6 4.e3 e6 5.Nf3 Nbd7 6.Qc2 Bd6 7.Bd3 O-O 8.O-O dxc4
9.Bxc4 b5 10.Bd3 Bb7 11.Rd1 Rc8 12.a3 c5 13.Nxb5 Bxf3 14.gxf3 Bb8 15.Bf1 cxd4
16.Qe2 dxe3 17.fxe3 Qb6 18.Kh1 Nc5 19.e4 Qb7 20.Be3 e5 21.Nd6 Bxd6 22.Rxd6 Qb3
23.Rad1 Nh5 24.Qf2 Na4 25.R1d2 Nf4 26.Bxf4 exf4 27.R6d3 Qb7 28.Rd7 Qb3 29.R7d3 Qb8
30.b4 Rc1 31.Rd1 Qc8 32.Kg1 Rc2 33.R1d2 Rc7 34.Qh4 Qe6 35.Qxf4 Rc1 36.Rd1 Rc2
37.Qd6 Qa2 38.Qe7 h6 39.Rd8 Rxd8 40.Rxd8+ Kh7 41.Qe5 Rc6 42.Qb8 Rg6+ 43.Kh1 Rg5
44.Rh8+ Kg6 45.Qd6+ Kh5 46.f4 Rg4 47.Qd1 Nc3 48.Qf3 Nxe4 49.Qxe4 Qf2 50.Qf5+ Kh4
51.Qf6+ Kh5 52.Qxf7+ Kh4 53.Qe7+  1-0